000 00282nam a2200121Ia 4500
008 190216s9999||||xx |||||||||||||| ||und||
100 _aSurendrakumar Pandya
245 0 _aHindi-Rathna Vimarsh
260 _bSahithya Sangam
300 _a159
650 _aHindi
942 _cBK
999 _c16246
_d16246